000 00337nam a22001337a 4500
020 _qPB.
040 _cFIZZA ISHAQ
082 _a006.312
_bJEF
100 _aAVEN,JEFFREY.
_929194
245 _aDATA ANALYTICS WITH SPARK USING PYTHON /
_cJEFFREY AVEN.
260 _aNEW DELHI ;
_bPEARSON,
_c2019.
300 _a306 P. ;
942 _2ddc
_cBK
999 _c594060
_d594060